[Event "Valasska Bystrice op"]
[Site "Valasska Bystrice"]
[Date "2017.09.16"]
[Round "9"]
[White "Kotyza, Bohumil"]
[Black "Kucera, Vladimir"]
[Result "1/2-1/2"]
[WhiteElo "1826"]
[BlackElo "1917"]
[PlyCount "34"]
[EventDate "2017.09.09"]
[EventType "swiss"]
[EventRounds "9"]
[EventCountry "CZE"]
[SourceTitle "CBM 180 Extra"]
[Source "ChessBase"]
[SourceDate "2017.10.06"]
[SourceVersion "1"]
[SourceVersionDate "2017.10.06"]
[SourceQuality "1"]

1. d4 Nf6 2. Nf3 g6 3. Bg5 Bg7 4. Qc1 0-0 5. Bh6 d5 6. Bxg7 Kxg7 7. e3 Bg4 8. Nbd2 Nbd7 9. c4 c5 10. Be2 cxd4 11. Nxd4 Bxe2 12. Nxe2 Rc8 13. b3 dxc4 14. bxc4 b5 15. Qa3 Ne5 16. Nd4 bxc4 17. 0-0 Nfg4 1/2-1/2

[Event "Valasska Bystrice op"]
[Site "Valasska Bystrice"]
[Date "2017.09.14"]
[Round "7"]
[White "Kotyza, Bohumil"]
[Black "Janik, Miroslav"]
[Result "1-0"]
[WhiteElo "1826"]
[BlackElo "1659"]
[PlyCount "113"]
[EventDate "2017.09.09"]
[EventType "swiss"]
[EventRounds "9"]
[EventCountry "CZE"]
[SourceTitle "CBM 180 Extra"]
[Source "ChessBase"]
[SourceDate "2017.10.06"]
[SourceVersion "1"]
[SourceVersionDate "2017.10.06"]
[SourceQuality "1"]

1. d4 d5 2. Nf3 Nf6 3. Bf4 Nc6 4. e3 a6 5. Nbd2 Nh5 6. Bg5 g6 7. c4 Bg4 8. Qb3 Na5 9. Qa4+ Nc6 10. cxd5 Qxd5 11. Bc4 Qa5 12. Qxa5 Nxa5 13. Bxf7+ Kxf7 14. Ne5+ Ke6 15. Nxg4 Kf5 16. Nf3 h6 17. e4+ Kxe4 18. Bd2 Nc4 19. Bc3 Bg7 20. 0-0 Kd5 21. b3 Nd6 22. Ne3+ Kc6 23. Ne5+ Bxe5 24. dxe5 Ne4 25. Bb2 e6 26. Rfd1 b6 27. Rac1+ Kb7 28. Rc4 Ng5 29. h4 Nh7 30. Rd7 Rac8 31. g4 b5 32. Rcd4 N5f6 33. exf6 Nxf6 34. Rf7 Ne8 35. Rdd7 Rg8 36. Be5 Kc6 37. Nc2 Nd6 38. Nb4+ Kb6 39. Rg7 a5 40. Nd3 Kc6 41. Rxg8 Rxg8 42. Rg7 Rxg7 43. Bxg7 h5 44. gxh5 gxh5 45. Nf4 Kd7 46. Nxh5 Ke7 47. Be5 Kf7 48. Bxd6 cxd6 49. f3 e5 50. Kf2 Ke6 51. Ke3 d5 52. Ng3 Kf6 53. f4 a4 54. fxe5+ Kxe5 55. h5 axb3 56. axb3 b4 57. Kd3 1-0

[Event "Jirasek Memorial op 25th"]
[Site "Rakovnik"]
[Date "2013.08.11"]
[Round "2"]
[White "Kotyza, Bohumil"]
[Black "Tresnak, Lukas"]
[Result "1/2-1/2"]
[WhiteElo "1893"]
[BlackElo "1829"]
[PlyCount "21"]
[EventDate "2013.08.10"]
[EventType "swiss"]
[EventRounds "9"]
[EventCountry "CZE"]
[SourceTitle "EXT 2014"]
[Source "ChessBase"]
[SourceDate "2013.11.20"]
[SourceVersion "1"]
[SourceVersionDate "2013.11.20"]
[SourceQuality "1"]

1. d4 d5 2. Nf3 Nf6 3. Bf4 Bf5 4. e3 e6 5. Bd3 Bg6 6. c3 Bd6 7. Ne5 Nbd7 8. Nxg6 hxg6 9. Bxd6 cxd6 10. Qb3 Qb6 11. Nd2 1/2-1/2

[Event "Nachod op 11th"]
[Site "Nachod"]
[Date "2013.07.07"]
[Round "9"]
[White "Kotyza, Bohumil"]
[Black "Tesar, Jan"]
[Result "1-0"]
[WhiteElo "1906"]
[BlackElo "2094"]
[PlyCount "85"]
[EventDate "2013.06.29"]
[EventType "swiss"]
[EventRounds "9"]
[EventCountry "CZE"]
[SourceTitle "CBM 155 Extra"]
[Source "ChessBase"]
[SourceDate "2013.08.26"]
[SourceVersion "1"]
[SourceVersionDate "2013.08.26"]
[SourceQuality "1"]

1. d4 c5 2. c3 e6 3. Nf3 Nf6 4. Bg5 h6 5. Bh4 Qb6 6. Qb3 Qxb3 7. axb3 Ne4 8. e3 b6 9. Bd3 Bb7 10. 0-0 g5 11. Bg3 d6 12. Nbd2 f5 13. Bb5+ Kf7 14. Nxe4 Bxe4 15. Nd2 Bb7 16. Rfe1 a6 17. Be2 Nd7 18. Bh5+ Kg7 19. Nc4 d5 20. Ne5 Nf6 21. Be2 Ne4 22. Nd7 Nxg3 23. fxg3 b5 24. Nxc5 Bxc5 25. dxc5 Rac8 26. b4 Rhd8 27. Red1 Kf6 28. b3 Ke5 29. Rd2 Rf8 30. Bf3 Rc7 31. Rad1 Rh7 32. Be2 f4 33. exf4+ gxf4 34. Bd3 Rg7 35. Re1+ Kf6 36. gxf4 Rfg8 37. Bf1 Rg4 38. Rf2 Kf5 39. g3 Rh4 40. Bg2 Rh5 41. Re5+ Kg6 42. Rxe6+ Kf7 43. Rfe2 1-0

[Event "Janske Lazne op"]
[Site "Janske Lazne"]
[Date "2013.05.08"]
[Round "3"]
[White "Ptacek, Tomas"]
[Black "Kotyza, Bohumil"]
[Result "1-0"]
[WhiteElo "2075"]
[BlackElo "1912"]
[PlyCount "51"]
[EventDate "2013.05.07"]
[EventType "swiss"]
[EventRounds "8"]
[EventCountry "CZE"]
[SourceTitle "CBM 154 Extra"]
[Source "ChessBase"]
[SourceDate "2013.06.25"]
[SourceVersion "2"]
[SourceVersionDate "2013.06.25"]
[SourceQuality "1"]

1. d4 d5 2. Nf3 Bf5 3. c4 e6 4. Qb3 b6 5. cxd5 Qxd5 6. Qxd5 exd5 7. Nc3 c6 8. Bf4 Nd7 9. e3 Ngf6 10. Ba6 Bb4 11. Bb7 0-0 12. Bxa8 Rxa8 13. 0-0 Ne4 14. Nxe4 Bxe4 15. a3 Be7 16. Rac1 c5 17. dxc5 Nxc5 18. Bg3 Bf6 19. Nd4 Nd3 20. Rc2 Ne5 21. Bxe5 Bxe5 22. Rd2 Rc8 23. Rfd1 a6 24. f3 Bg6 25. Ne2 Kf8 26. b4 1-0

[Event "Nachod op 9th"]
[Site "Nachod"]
[Date "2011.07.09"]
[Round "8"]
[White "Dusbaba, Petr"]
[Black "Kotyza, Bohumil"]
[Result "0-1"]
[WhiteElo "1835"]
[BlackElo "1980"]
[PlyCount "106"]
[EventDate "2011.07.02"]
[EventType "swiss"]
[EventRounds "9"]
[EventCountry "CZE"]
[SourceTitle "EXT 2012"]
[Source "ChessBase"]
[SourceDate "2011.11.24"]
[SourceVersion "1"]
[SourceVersionDate "2011.11.24"]
[SourceQuality "1"]

1. e4 e6 2. d4 d5 3. Nd2 dxe4 4. Nxe4 Nd7 5. Nf3 Ngf6 6. Bd3 Nxe4 7. Bxe4 Nf6 8. Bd3 c5 9. c3 cxd4 10. Nxd4 Be7 11. Bf4 0-0 12. Qc2 h6 13. 0-0-0 Nd5 14. Bg3 Bd7 15. Qe2 Qb6 16. Bc2 Bg5+ 17. Rd2 Bxd2+ 18. Qxd2 Ne7 19. Bf4 Rad8 20. Qd3 f5 21. Qg3 e5 22. Bxe5 Qg6 23. Qf3 Bc6 24. Nxc6 Nxc6 25. Bf4 Rfe8 26. h4 Re7 27. Be3 Qg4 28. Qxf5 Qxf5 29. Bxf5 b6 30. g4 Ne5 31. g5 Rf8 32. Bc2 Ng4 33. Bd4 Nxf2 34. Rf1 Nd3+ 35. Bxd3 Rxf1+ 36. Bxf1 Re1+ 37. Kc2 Rxf1 38. gxh6 gxh6 39. a4 Rf4 40. a5 bxa5 41. Kb3 a6 42. Ka4 Rxh4 43. Kxa5 h5 44. Kxa6 Kf7 45. Bb6 Rg4 46. b4 Rc4 47. Bf2 Rxc3 48. b5 Ke6 49. b6 Ra3+ 50. Kb7 Kd7 51. Kb8 Kc6 52. b7 Rb3 53. Bb6 Rxb6 0-1

[Event "Ceska Trebova op 4th"]
[Site "Ceska Trebova"]
[Date "2008.08.08"]
[Round "1"]
[White "Smith, Axel"]
[Black "Kotyza, Bohumil"]
[Result "1-0"]
[WhiteElo "2427"]
[BlackElo "2002"]
[PlyCount "39"]
[EventDate "2008.08.08"]
[EventType "swiss"]
[EventRounds "9"]
[EventCountry "CZE"]
[SourceTitle "CBM 125 Extra"]
[Source "ChessBase"]
[SourceDate "2008.09.01"]
[SourceVersion "1"]
[SourceVersionDate "2008.09.01"]
[SourceQuality "1"]

1. Nf3 d5 2. d4 e6 3. c4 Nf6 4. g3 c5 5. cxd5 Nxd5 6. Bg2 Nd7 7. 0-0 N7b6 8. a3 Bd7 9. e4 Nc7 10. Re1 cxd4 11. Qxd4 Ba4 12. Nc3 Nb5 13. Nxb5 Bxb5 14. Be3 Nc4 15. Qxd8+ Rxd8 16. Bxa7 b6 17. Bf1 Nxa3 18. bxa3 Bxf1 19. Kxf1 Bc5 20. Rab1 1-0

[Event "Usti nad Orlici op"]
[Site "Usti nad Orlici"]
[Date "2006.05.01"]
[Round "4"]
[White "Kotyza, Bohumil"]
[Black "Chladek, Vaclav"]
[Result "1/2-1/2"]
[WhiteElo "1979"]
[BlackElo "2160"]
[PlyCount "105"]
[EventDate "2006.04.29"]
[EventType "swiss"]
[EventRounds "9"]
[EventCountry "CZE"]
[SourceTitle "CBM 112 Extra"]
[Source "ChessBase"]
[SourceDate "2006.07.14"]
[SourceVersion "1"]
[SourceVersionDate "2006.07.14"]
[SourceQuality "1"]

1. c4 Nf6 2. Nc3 c6 3. g3 d5 4. cxd5 cxd5 5. Bg2 Nc6 6. d3 e6 7. a3 Be7 8. e3 0-0 9. Nge2 e5 10. 0-0 Be6 11. b4 Rc8 12. Bb2 a6 13. Rc1 Qd7 14. Na4 Qc7 15. Qd2 Nd7 16. d4 e4 17. Nf4 Bd6 18. Nxe6 fxe6 19. Nc5 Bxc5 20. bxc5 Nf6 21. Bc3 Qf7 22. Rb1 Rc7 23. Rb2 g5 24. Rfb1 g4 25. Qe2 h5 26. h4 gxh3 27. Bxh3 Nh7 28. Kf1 Ng5 29. Bg2 Qh7 30. Ke1 Rcf7 31. Kd1 Rd7 32. Be1 Rff7 33. Rb6 Nf3 34. Bxf3 exf3 35. Qc2 Qxc2+ 36. Kxc2 Kg7 37. Bc3 Kg6 38. Rh1 Rf5 39. Rh4 Kf7 40. Rb1 Kg6 41. Rg1 Ne7 42. g4 hxg4 43. Rgxg4+ Rg5 44. Rxg5+ Kxg5 45. Rf4 Nf5 46. Rxf3 Rh7 47. Ba5 Rf7 48. Kd3 Rd7 49. Rh3 Kg4 50. Rh8 Kf3 51. Be1 Rc7 52. Ba5 Rd7 53. Be1 1/2-1/2

[Event "Nachod op 8th"]
[Site "Nachod"]
[Date "2002.??.??"]
[Round "8"]
[White "Nisztuk, Michal"]
[Black "Kotyza, Bohumil"]
[Result "0-1"]
[WhiteElo "2065"]
[BlackElo "1835"]
[PlyCount "88"]
[EventDate "2002.??.??"]
[EventType "swiss"]
[EventRounds "9"]
[EventCountry "CZE"]
[SourceTitle "EXT 2007"]
[Source "ChessBase"]
[SourceDate "2006.11.23"]
[SourceVersion "1"]
[SourceVersionDate "2006.11.23"]
[SourceQuality "1"]

1. e4 e6 2. d4 d5 3. e5 c5 4. c3 Qb6 5. Nf3 Nc6 6. Bd3 Bd7 7. 0-0 cxd4 8. cxd4 Nxd4 9. Nxd4 Qxd4 10. Nc3 Qxe5 11. Re1 Qb8 12. Nxd5 Bd6 13. g3 Ne7 14. Nc3 0-0 15. Bxh7+ Kxh7 16. Ne4 Nd5 17. Qh5+ Kg8 18. Rd1 f5 19. Rxd5 fxe4 20. Rg5 Rf7 21. Qg6 Be5 22. Qxe4 Bf6 23. Rh5 Bc6 24. Qh7+ Kf8 25. Be3 b6 26. Rc1 Qb7 27. Qd3 Rd7 28. Qc2 Bh1 29. f4 Qf3 30. Rh8+ Kf7 31. Rxa8 Qxa8 32. f5 exf5 33. Qc4+ Kg6 34. Qe2 Bf3 35. Qc2 Bh1 36. g4 Be4 37. gxf5+ Bxf5 38. Qf2 Qe4 39. Re1 Qg4+ 40. Qg3 Qxg3+ 41. hxg3 Bxb2 42. Re2 Bd4 43. Kf2 Bg4 44. Rc2 Rf7+ 0-1

[Event "Nachod op 6th"]
[Site "Nachod"]
[Date "2000.??.??"]
[Round "6"]
[White "Bielavsky, Jiri"]
[Black "Kotyza, Bohumil"]
[Result "1-0"]
[WhiteElo "2080"]
[BlackElo "1845"]
[PlyCount "85"]
[EventDate "2000.??.??"]
[EventType "swiss"]
[EventRounds "9"]
[EventCountry "CZE"]
[SourceTitle "EXT 2003"]
[Source "ChessBase"]
[SourceDate "2002.11.25"]
[SourceVersion "1"]
[SourceVersionDate "2002.11.25"]
[SourceQuality "1"]

1. e4 e6 2. d4 d5 3. e5 c5 4. Nf3 Qb6 5. c3 Nc6 6. a3 c4 7. Be2 Bd7 8. 0-0 Na5 9. Nbd2 Be7 10. Re1 f6 11. exf6 Bxf6 12. Bf1 Ne7 13. Ne5 Bxe5 14. Rxe5 Ng6 15. Re3 0-0 16. Nf3 Rae8 17. Ne5 Nxe5 18. Rxe5 Nb3 19. Rb1 Nxc1 20. Qxc1 Qd6 21. Qe3 Rf6 22. g3 Ref8 23. f4 a5 24. Re1 g6 25. h4 Kg7 26. Bh3 Re8 27. h5 Qf8 28. hxg6 hxg6 29. Re2 b5 30. Rh2 b4 31. axb4 axb4 32. Bg4 bxc3 33. bxc3 Qa3 34. Be2 Qf8 35. Qf3 Qa3 36. Qh1 Kf8 37. Rh7 Rf7 38. Rxf7+ Kxf7 39. Qh7+ Kf8 40. Qxd7 Qxc3 41. Kg2 Qxd4 42. Bg4 Qb2+ 43. Re2 1-0

[Event "Nachod op 6th"]
[Site "Nachod"]
[Date "2000.??.??"]
[Round "8"]
[White "Kotyza, Bohumil"]
[Black "Most, Zdenek"]
[Result "1-0"]
[WhiteElo "1845"]
[BlackElo "2100"]
[PlyCount "73"]
[EventDate "2000.??.??"]
[EventType "swiss"]
[EventRounds "9"]
[EventCountry "CZE"]
[SourceTitle "EXT 2003"]
[Source "ChessBase"]
[SourceDate "2002.11.25"]
[SourceVersion "1"]
[SourceVersionDate "2002.11.25"]
[SourceQuality "1"]

1. c4 Nf6 2. Nc3 g6 3. g3 Bg7 4. Bg2 0-0 5. d3 e5 6. e4 d6 7. Nf3 c6 8. 0-0 Na6 9. Rb1 Nc7 10. Bd2 Re8 11. Qc1 d5 12. Bh6 Bh8 13. cxd5 cxd5 14. exd5 Ncxd5 15. Nxd5 Qxd5 16. Ng5 Qd8 17. Qc4 Qe7 18. h3 Bf5 19. Rfe1 Rac8 20. Qb3 Rc7 21. g4 Be6 22. Nxe6 Qxe6 23. Qa4 a6 24. Qa5 Qd6 25. Rbd1 Re6 26. Rc1 Ree7 27. Rxc7 Rxc7 28. Qxe5 Qd8 29. g5 Rc8 30. gxf6 Bxf6 31. Qe2 g5 32. Qh5 Qa5 33. Kf1 Qb5 34. Be4 Re8 35. Bxh7+ Kxh7 36. Bxg5+ Kg8 37. Rxe8+ 1-0